Sobre la libertad
Guardat en:
| Autor principal: | |
|---|---|
| Format: | Llibre |
| Idioma: | espanyol |
| Publicat: |
Ciudad de México
Gernika
1991
|
| Matèries: | |
| Etiquetes: |
Afegir etiqueta
Sense etiquetes, Sigues el primer a etiquetar aquest registre!
|
MARC
| LEADER | 00000nam a2200000 a 4500 | ||
|---|---|---|---|
| 001 | UCV2661 | ||
| 003 | CL-VaPUC | ||
| 008 | 921013e19910000MX |||||||||||||||||spa|d | ||
| 082 | 0 | 4 | |a 323.44 |b MIL |2 21 |
| 100 | |a Mill, John Stuart |e autor |9 257759 | ||
| 245 | 1 | 0 | |a Sobre la libertad |
| 300 | |a 182 p | ||
| 942 | |c BK | ||
| 945 | |d 19921013 00:00:00 | ||
| 260 | |a Ciudad de México |b Gernika |c 1991 | ||
| 650 | 0 | |a Libertad |9 255686 | |
| 650 | 0 | |a Ciencias Políticas |9 255201 | |
| 650 | 0 | |a Filosofía |9 223554 | |
| 650 | 0 | |a Ciencias sociales |9 256351 | |
| 583 | |a last modification |c 19921013 00:00:00 |k Rodrigo Vera | ||
| 999 | |c 210169 |d 210167 | ||
| 952 | |0 0 |1 0 |4 0 |6 323_440000000000000_MIL_1991 |7 0 |8 A |9 186222 |a BIBENE |b BIBENE |d 2019-11-14 |i 2536986 |o 323.44 MIL 1991 |p 2536986 |r 2025-01-15 |w 2019-11-14 |y BK |k ICO | ||
| 952 | |0 0 |1 0 |4 0 |6 323_440000000000000_MIL_1991 |7 0 |8 A |9 186223 |a BIBDER |b BIBDER |d 2019-11-14 |i 2536994 |o 323.44 MIL 1991 |p 2536994 |r 2023-01-25 |w 2019-11-14 |y BK |k DER | ||